000 02292cad a22002535a 4500
001 L145781
008 081106e20081104xxka f f000 0 eng d
020 _a9781409806861
035 _a(Sirsi) u145781
041 0 _aeng
050 0 4 _a333.72 $2 18
110 2 _aUnited Kingdom
_bDepartment for Communities and Local Government
_94939
245 0 0 _aDraft planning policy statement
_beco-towns, consultation
_h[electronic resource]
260 _aWetherby
_bDCLG
_c2008
505 2 _aIntroduction: background; how do eco-towns fit into our wider strategy?; why new settlements?; why do we want a PPS?; sustainability appraisal and habitants regulations assessment; the initial impact assessment; consultation arrangements -- Planning context: national planning policies; Regional Spatial Strategies (RSS); Local Development Frameworks (LDF); handling applications for eco-towns before locations are in plans; determining planning applications -- Locational principles -- Eco-town standards: zero carbon in eco-towns; climate change adaptation; homes; employment; transport; local services; green infrastructure; biodiversity; water; flood risk management; waste -- Deployment and management: master planning; transition; community and governance; monitoring -- Consultation questions -- Statement of consultation -- Locations included in the eco-towns programme
520 _aDraft Planning Policy Statement (PPS) seeks to define what constitutes an eco-town; environmental, social and economic standards eco-towns should meet and how eco-towns will relate to the planning system. Eco-towns will have at least 5 000 homes, make use of sustainable technologies, achieve excellence in build quality and public transport links. The attached consultation seeks to gather responses on the Draft PPS. Responses must be received by 19 February 2009.
521 _aAdvanced
590 _aKA NTK
651 4 _aEngland and Wales
_y1543-
690 _aENVIRONMENTAL AND LAND CONSULTANCY-PLANNING AND DEVELOPMENT-STRATEGIC PLANNING
700 1 _aENVIRONMENTAL AND LAND CONSULTANCY-SUSTAINABILITY-SUSTAINABLE DEVELOPMENT
856 4 0 _uhttps://www.communities.gov.uk/documents/planningandbuilding/pdf/ppsecotowns.pdf
_zView the item free of charge online at www.communities.gov.uk...
942 _n0
999 _c108919
_d108919